[Event "Joao Pessoa Fischer Memorial 7th"]
[Site "Joao Pessoa"]
[Date "2016.03.13"]
[Round "6"]
[White "Oliveira de Lima, Allan Kardec"]
[Black "Oliveira, Matheus H Nascimen"]
[Result "1/2-1/2"]
[WhiteElo "1800"]
[BlackElo "1588"]
[PlyCount "53"]
[EventDate "2016.03.11"]
[EventType "swiss"]
[EventRounds "6"]
[EventCountry "BRA"]
[SourceTitle "CBM 171 Extra"]
[Source "ChessBase"]
[SourceDate "2016.04.26"]
[SourceVersion "1"]
[SourceVersionDate "2016.04.26"]
[SourceQuality "1"]

1. Nf3 c5 2. c4 Nf6 3. Nc3 g6 4. b3 Bg7 5. Bb2 0-0 6. e3 d6 7. Be2 e6 8. Qc2 Nc6 9. a3 Qb6 10. h4 e5 11. Ng5 h5 12. Nge4 Bf5 13. Nxf6+ Bxf6 14. e4 Nd4 15. Qd1 Be6 16. Nb5 Nxe2 17. Kxe2 a6 18. Nc3 Bxc4+ 19. bxc4 Qxb2 20. Qb1 Qxb1 21. Raxb1 Rab8 22. Nd5 Kg7 23. Rb6 Rfd8 24. g3 Rd7 25. Rhb1 a5 26. Nxf6 Kxf6 27. R1b5 1/2-1/2

[Event "Joao Pessoa Fischer Memorial 7th"]
[Site "Joao Pessoa"]
[Date "2016.03.11"]
[Round "1"]
[White "Oliveira, Matheus H Nascimen"]
[Black "Nunes, Marcelo Basilio"]
[Result "0-1"]
[WhiteElo "1588"]
[BlackElo "2082"]
[PlyCount "74"]
[EventDate "2016.03.11"]
[EventType "swiss"]
[EventRounds "6"]
[EventCountry "BRA"]
[SourceTitle "CBM 171 Extra"]
[Source "ChessBase"]
[SourceDate "2016.04.26"]
[SourceVersion "1"]
[SourceVersionDate "2016.04.26"]
[SourceQuality "1"]

1. e4 c5 2. Nf3 e6 3. d4 cxd4 4. Nxd4 a6 5. Be2 Qc7 6. Nc3 Nf6 7. 0-0 Be7 8. Bg5 d6 9. f4 Nbd7 10. Kh1 0-0 11. Bd3 Nc5 12. Qf3 Re8 13. f5 e5 14. Nde2 Ncd7 15. Ng3 b5 16. Nh5 Bb7 17. Nxf6+ Bxf6 18. Qg4 Rac8 19. Rf3 Qd8 20. Bh6 Kh8 21. Be3 b4 22. Nd5 Bxd5 23. exd5 e4 24. Rh3 exd3 25. cxd3 a5 26. Bf4 Nf8 27. Rg3 Qe7 28. h3 Qe2 29. Rf3 Qxb2 30. Raf1 Qxa2 31. Rg3 Qxd5 32. Bh6 Qc5 33. d4 Qxd4 34. Bxg7+ Bxg7 35. Qg5 Qf6 36. Qh5 Re4 37. Rgf3 Rh4 0-1